| 000 | 01597cam a22003611i 4500 | ||
|---|---|---|---|
| 003 | SA-RiAUC | ||
| 005 | 20240922143941.0 | ||
| 008 | 240919s1993 le f b 00000 ara c | ||
| 040 |
_aSA-RiAUC _bara _cSA-RiAUC _erda |
||
| 043 |
_aa-ir--- _ama----- |
||
| 050 | 4 | _bK73 1993 | |
| 050 | 1 | 4 | _bK72 1993 |
| 082 | 0 | 4 | _a955.56 |
| 090 |
_a955.56 _bك ر ا |
||
| 100 | 1 |
_aكرافولسكي، دوروتيا، _d1941- _eمؤلف. |
|
| 245 | 1 | 2 |
_aالعرب وإيران : _bدراسات في التاريخ والأدب من المنظور الأيديولوجي / _cدوروتيا كرافولسكي. |
| 250 | _aالطبعة الأولى. | ||
| 264 | 1 |
_aبيروت : _bدار المنتخب العربي للدراسات والنشر والتوزيع، _c1993 |
|
| 300 |
_a273 صفحة ؛ _c24 سم. |
||
| 336 |
_aنص _btxt _2rdacontent _3كتاب |
||
| 337 |
_aبدون وسيط _bn _2rdamedia |
||
| 338 |
_aمجلد _bnc _2rdacarrier |
||
| 490 | 1 | _aالدراسات التاريخية | |
| 504 | _aيشتمل على إرجاعات ببليوجرافية. | ||
| 590 | _aحمد. | ||
| 650 | 7 |
_aالعرب والفرس _2aucsh |
|
| 651 | 7 |
_aالبلاد العربية _xعلاقات خارجية _zإيران _2aucsh |
|
| 651 | 7 |
_aإيران _xعلاقات خارجية _zالبلاد العربية _2aucsh |
|
| 651 | 7 |
_aإيران _xتاريخ _2aucsh |
|
| 830 | 2 | _aسلسلة الدراسات التاريخية (دار المنتخب العربي للدراسات والنشر والتوزيع) | |
| 942 |
_2ddc _cBOOK _n0 |
||
| 949 |
_aSA-JeALM _d240919 _umohamedma123 _n1 |
||
| 999 |
_c480 _d480 |
||